| 000 | 00524nam a2200193Ia 4500 | ||
|---|---|---|---|
| 005 | 20250508160435.0 | ||
| 008 | 008 250505s9999 xx 000 0 hin d | ||
| 037 | _aTextual | ||
| 040 |
_aFEDL _beng _cFEDL |
||
| 041 |
_ahin _2eng |
||
| 084 |
_a370.15, TOM _qFEDL |
||
| 100 |
_aTomer Rambihari Singh _9768504 |
||
| 245 | 0 | _aSamajik Manovigyan | |
| 260 |
_aNew Delhi, India _bNational Printing Press |
||
| 300 | _a789p | ||
| 650 | _aSociology | ||
| 942 |
_cTEXL _h370.15, TOM |
||
| 999 |
_c1364614 _d1364614 |
||